|
|
|
|
| LEADER |
00996nam a2200265 4500 |
| 001 |
c000350926 |
| 003 |
CARM |
| 005 |
00000000000000.0 |
| 008 |
690321s1969 ohu b 00110 eng |
| 019 |
1 |
|
|a 33559
|5 LACONCORD2021
|
| 020 |
|
|
|a 0675095319
|
| 035 |
|
|
|a (OCoLC)5078
|5 LACONCORD2021
|
| 050 |
0 |
0 |
|a JS331
|b .R25
|
| 100 |
1 |
|
|a Ranney, David C.
|
| 245 |
1 |
0 |
|a Planning and politics in the metropolis
|c [by] David C. Ranney.
|
| 260 |
|
|
|a Columbus, Ohio,
|b C. E. Merrill Pub. Co.
|c [1969]
|
| 300 |
|
|
|a xi, 179 p.
|c 23 cm.
|
| 490 |
0 |
|
|a Metropolitan America: its government and politics series
|
| 504 |
|
|
|a Bibliographical footnotes.
|
| 650 |
|
0 |
|a Municipal government
|z United States.
|
| 650 |
|
0 |
|a City planning
|z United States.
|
| 852 |
8 |
|
|b CARM
|h A1:AL37B0
|i B10310
|p 0460949
|f BK
|
| 082 |
0 |
4 |
|a 352/.008/0973
|
| 999 |
f |
f |
|i 9274fe50-806e-5990-b405-5d23753bb59c
|s 58c0fca6-89e9-5bde-8f70-8e3e96e20a1f
|
| 952 |
f |
f |
|p Can circulate
|a CAVAL
|b CAVAL
|c CAVAL
|d CARM 1 Store
|e B10310
|f A1:AL37B0
|h Other scheme
|i book
|m 0460949
|